[Event "DEM U12w 2024"]
[Site "Willingen GER"]
[Date "2024.05.19"]
[Round "1"]
[White "Tischlinger, Lara"]
[Black "Prasannavenkatesan, Ananya"]
[Result "1-0"]
[Termination "normal"]
[Board "11"]
[WhiteElo "1584"]
[BlackElo "1585"]
[WhiteClock "00:33:07"]
[BlackClock "00:16:43"]
[PlyCount "155"]
[WhiteFideId "34663401"]
[BlackFideId "34682724"]
[EventCountry "GER"]
[EventRounds "9"]
[EventType "swiss"]
[EventDate "2024.05.18"]

1. e4 {[%clk 01:30:57]} {[%emt 00:00:02]} c6 {[%clk 01:30:53]} {[%emt
00:00:08]} 2. d4 {[%clk 01:31:20]} {[%emt 00:00:07]} d5 {[%clk 01:31:16]}
{[%emt 00:00:08]} 3. exd5 {[%clk 01:31:42]} {[%emt 00:00:07]} cxd5 {[%clk
01:31:40]} {[%emt 00:00:06]} 4. Bd3 {[%clk 01:32:01]} {[%emt 00:00:10]} Nf6
{[%clk 01:31:45]} {[%emt 00:00:26]} 5. h3 {[%clk 01:31:05]} {[%emt 00:01:25]}
Nc6 {[%clk 01:31:47]} {[%emt 00:00:28]} 6. Nf3 {[%clk 01:30:43]} {[%emt
00:00:52]} h6 {[%clk 01:30:14]} {[%emt 00:02:03]} 7. c3 {[%clk 01:23:57]}
{[%emt 00:07:16]} a6 {[%clk 01:30:23]} {[%emt 00:00:22]} 8. O-O {[%clk
01:23:26]} {[%emt 00:01:01]} e6 {[%clk 01:26:46]} {[%emt 00:04:07]} 9. Bf4
{[%clk 01:20:40]} {[%emt 00:03:16]} Bd6 {[%clk 01:24:24]} {[%emt 00:02:52]} 10.
Bxd6 {[%clk 01:19:02]} {[%emt 00:02:08]} Qxd6 {[%clk 01:24:35]} {[%emt
00:00:19]} 11. Re1 {[%clk 01:17:05]} {[%emt 00:02:27]} Bd7 {[%clk 01:21:28]}
{[%emt 00:03:38]} 12. Ne5 {[%clk 01:12:47]} {[%emt 00:04:48]} g5 {[%clk
01:16:16]} {[%emt 00:05:42]} 13. Qf3 {[%clk 01:02:19]} {[%emt 00:10:57]} Ke7
{[%clk 01:14:50]} {[%emt 00:01:57]} 14. Ng4 {[%clk 00:36:06]} {[%emt 00:26:42]}
Nxg4 {[%clk 01:14:19]} {[%emt 00:01:02]} 15. hxg4 {[%clk 00:30:28]} {[%emt
00:06:06]} Rag8 {[%clk 01:02:59]} {[%emt 00:11:14]} 16. Qh3 {[%clk 00:23:25]}
{[%emt 00:08:09]} h5 {[%clk 00:53:13]} {[%emt 00:10:18]} 17. gxh5 {[%clk
00:21:28]} {[%emt 00:02:27]} g4 {[%clk 00:53:05]} {[%emt 00:00:36]} 18. Qh4+
{[%clk 00:21:18]} {[%emt 00:00:41]} Ke8 {[%clk 00:53:07]} {[%emt 00:00:28]} 19.
Re3 {[%clk 00:19:10]} {[%emt 00:02:37]} Qe7 {[%clk 00:52:40]} {[%emt 00:00:58]}
20. Qxe7+ {[%clk 00:15:21]} {[%emt 00:04:20]} Kxe7 {[%clk 00:53:02]} {[%emt
00:00:08]} 21. Nd2 {[%clk 00:13:05]} {[%emt 00:02:46]} Rxh5 {[%clk 00:52:31]}
{[%emt 00:01:00]} 22. Nf1 {[%clk 00:12:26]} {[%emt 00:01:09]} Kf8 {[%clk
00:50:21]} {[%emt 00:02:40]} 23. Ng3 {[%clk 00:11:11]} {[%emt 00:01:46]} Rhg5
{[%clk 00:50:03]} {[%emt 00:00:32]} 24. a4 {[%clk 00:09:19]} {[%emt 00:02:38]}
Na7 {[%clk 00:48:28]} {[%emt 00:02:03]} 25. Bc2 {[%clk 00:08:44]} {[%emt
00:01:07]} f5 {[%clk 00:48:41]} {[%emt 00:00:17]} 26. Ne2 {[%clk 00:06:48]}
{[%emt 00:02:26]} f4 {[%clk 00:48:47]} {[%emt 00:00:24]} 27. Nxf4 {[%clk
00:06:55]} {[%emt 00:00:23]} Kf7 {[%clk 00:46:30]} {[%emt 00:02:45]} 28. Rae1
{[%clk 00:06:48]} {[%emt 00:00:38]} Rh8 {[%clk 00:42:24]} {[%emt 00:04:36]} 29.
b3 {[%clk 00:06:25]} {[%emt 00:00:54]} Nc6 {[%clk 00:41:58]} {[%emt 00:00:56]}
30. b4 {[%clk 00:05:21]} {[%emt 00:01:34]} Nd8 {[%clk 00:42:03]} {[%emt
00:00:25]} 31. Re5 {[%clk 00:05:22]} {[%emt 00:00:28]} Rgg8 {[%clk 00:42:00]}
{[%emt 00:00:29]} 32. Rh5 {[%clk 00:05:31]} {[%emt 00:00:25]} Rxh5 {[%clk
00:38:55]} {[%emt 00:03:35]} 33. Nxh5 {[%clk 00:05:53]} {[%emt 00:00:07]} Rg5
{[%clk 00:37:30]} {[%emt 00:01:55]} 34. Nf4 {[%clk 00:06:08]} {[%emt 00:00:17]}
g3 {[%clk 00:36:45]} {[%emt 00:01:15]} 35. f3 {[%clk 00:06:12]} {[%emt
00:00:26]} Rg7 {[%clk 00:31:21]} {[%emt 00:05:17]} 36. Nd3 {[%clk 00:06:02]}
{[%emt 00:01:16]} Bc8 {[%clk 00:30:33]} {[%emt 00:01:18]} 37. Ne5+ {[%clk
00:06:08]} {[%emt 00:00:25]} Kg8 {[%clk 00:27:16]} {[%emt 00:03:47]} 38. Ng4
{[%clk 00:05:15]} {[%emt 00:01:22]} Kf8 {[%clk 00:26:02]} {[%emt 00:01:43]} 39.
Re5 {[%clk 00:05:07]} {[%emt 00:00:40]} Ke7 {[%clk 00:23:49]} {[%emt 00:02:29]}
40. Kf1 {[%clk 00:05:16]} {[%emt 00:00:34]} Rg8 {[%clk 00:19:01]} {[%emt
00:04:59]} 41. Rh5 {[%clk 00:05:25]} {[%emt 00:00:38]} Kd6 {[%clk 00:12:47]}
{[%emt 00:06:45]} 42. Rh3 {[%clk 00:04:54]} {[%emt 00:01:02]} Kc7 {[%clk
00:06:11]} {[%emt 00:07:04]} 43. Rxg3 {[%clk 00:04:48]} {[%emt 00:00:37]} Bd7
{[%clk 00:03:08]} {[%emt 00:03:34]} 44. Rh3 {[%clk 00:04:39]} {[%emt 00:00:40]}
Bc8 {[%clk 00:01:20]} {[%emt 00:02:19]} 45. Rh7+ {[%clk 00:04:48]} {[%emt
00:00:20]} Kb8 {[%clk 00:01:37]} {[%emt 00:00:12]} 46. Nf6 {[%clk 00:04:51]}
{[%emt 00:00:27]} Rf8 {[%clk 00:00:54]} {[%emt 00:01:13]} 47. Ng4 {[%clk
00:04:35]} {[%emt 00:00:47]} Re8 {[%clk 00:29:52]} {[%emt 00:01:31]} 48. Ne5
{[%clk 00:34:33]} {[%emt 00:00:32]} Rf8 {[%clk 00:25:34]} {[%emt 00:04:48]} 49.
g4 {[%clk 00:34:26]} {[%emt 00:00:37]} Nc6 {[%clk 00:24:38]} {[%emt 00:01:26]}
50. Nxc6+ {[%clk 00:34:33]} {[%emt 00:00:23]} bxc6 {[%clk 00:24:59]} {[%emt
00:00:09]} 51. Ke2 {[%clk 00:34:43]} {[%emt 00:00:20]} Rg8 {[%clk 00:24:00]}
{[%emt 00:01:30]} 52. Ke3 {[%clk 00:34:39]} {[%emt 00:00:33]} Re8 {[%clk
00:21:36]} {[%emt 00:02:53]} 53. f4 {[%clk 00:34:38]} {[%emt 00:00:32]} Rg8
{[%clk 00:21:05]} {[%emt 00:01:00]} 54. g5 {[%clk 00:34:45]} {[%emt 00:00:23]}
e5 {[%clk 00:19:29]} {[%emt 00:02:07]} 55. dxe5 {[%clk 00:34:47]} {[%emt
00:00:28]} Be6 {[%clk 00:19:29]} {[%emt 00:00:30]} 56. g6 {[%clk 00:34:53]}
{[%emt 00:00:23]} Kc8 {[%clk 00:19:48]} {[%emt 00:00:12]} 57. f5 {[%clk
00:34:47]} {[%emt 00:00:36]} d4+ {[%clk 00:20:08]} {[%emt 00:00:10]} 58. cxd4
{[%clk 00:35:07]} {[%emt 00:00:10]} Bc4 {[%clk 00:20:22]} {[%emt 00:00:15]} 59.
g7 {[%clk 00:35:15]} {[%emt 00:00:23]} Kd8 {[%clk 00:20:34]} {[%emt 00:00:18]}
60. Rh8 {[%clk 00:35:06]} {[%emt 00:00:39]} Ke7 {[%clk 00:20:54]} {[%emt
00:00:10]} 61. e6 {[%clk 00:35:16]} {[%emt 00:00:20]} Rxg7 {[%clk 00:20:18]}
{[%emt 00:01:05]} 62. Rh6 {[%clk 00:33:54]} {[%emt 00:01:52]} Rg3+ {[%clk
00:19:52]} {[%emt 00:00:57]} 63. Kf4 {[%clk 00:33:17]} {[%emt 00:01:07]} Rg8
{[%clk 00:19:24]} {[%emt 00:00:57]} 64. Ke5 {[%clk 00:33:01]} {[%emt 00:00:47]}
Rg5 {[%clk 00:16:29]} {[%emt 00:03:25]} 65. Rh7+ {[%clk 00:33:07]} {[%emt
00:00:24]} Ke8 {[%clk 00:16:43]} {[%emt 00:00:16]} 66. Kd6 {[%emt 00:00:55]}
Rg8 67. f6 Bxe6 68. Kxe6 Rf8 69. Ra7 Rxf6+ 70. Kxf6 Kd8 71. Ke6 Kc8 72. Kd6 Kb8
73. Rh7 Kc8 74. Bd3 Kb8 75. Kxc6 a5 76. bxa5 Ka8 77. Kb6 Kb8 78. Rh8# 1-0

[Event "DEM U12w 2024"]
[Site "Willingen GER"]
[Date "2024.05.19"]
[Round "1"]
[White "Schmidt, Sophie"]
[Black "Nönnig, Lotte"]
[Result "1-0"]
[Termination "normal"]
[Board "12"]
[WhiteElo "1257"]
[BlackElo "1647"]
[WhiteClock "00:37:22"]
[BlackClock "00:28:01"]
[PlyCount "37"]
[WhiteFideId "34682503"]
[BlackFideId "34611509"]
[EventCountry "GER"]
[EventRounds "9"]
[EventType "swiss"]
[EventDate "2024.05.18"]

1. d4 {[%clk 01:30:59]} d5 {[%clk 01:30:58]} {[%emt 00:00:03]} 2. Nf3 {[%clk
01:31:19]} {[%emt 00:00:10]} Nf6 {[%clk 01:31:14]} {[%emt 00:00:13]} 3. Bf4
{[%clk 01:31:24]} {[%emt 00:00:25]} c5 {[%clk 01:31:10]} {[%emt 00:00:34]} 4.
e3 {[%clk 01:30:42]} {[%emt 00:01:12]} Nc6 {[%clk 01:30:22]} {[%emt 00:01:19]}
5. Be2 {[%clk 01:27:26]} {[%emt 00:03:45]} Qb6 {[%clk 01:29:10]} {[%emt
00:01:42]} 6. dxc5 {[%clk 01:26:19]} {[%emt 00:01:37]} Qxb2 {[%clk 01:25:21]}
{[%emt 00:04:19]} 7. Nbd2 {[%clk 01:22:40]} {[%emt 00:04:09]} Qc3 {[%clk
01:20:00]} {[%emt 00:05:47]} 8. O-O {[%clk 01:18:17]} {[%emt 00:04:57]} Qxc5
{[%clk 01:16:31]} {[%emt 00:03:58]} 9. Nb3 {[%clk 01:12:00]} {[%emt 00:06:48]}
Qb6 {[%clk 01:15:25]} {[%emt 00:01:34]} 10. Qd2 {[%clk 01:07:02]} {[%emt
00:05:31]} Bf5 {[%clk 01:11:30]} {[%emt 00:04:24]} 11. Rab1 {[%clk 01:03:38]}
{[%emt 00:03:56]} Qd8 {[%clk 01:09:38]} {[%emt 00:02:21]} 12. Rfd1 {[%clk
00:55:02]} {[%emt 00:09:06]} g6 {[%clk 01:06:47]} {[%emt 00:03:21]} 13. Nc5
{[%clk 00:48:36]} {[%emt 00:06:56]} b6 {[%clk 01:04:53]} {[%emt 00:02:24]} 14.
Bb5 {[%clk 00:46:59]} {[%emt 00:02:07]} Bd7 {[%clk 00:55:25]} {[%emt 00:09:57]}
15. Nxd7 {[%clk 00:38:30]} {[%emt 00:09:00]} Nxd7 {[%clk 00:35:18]} {[%emt
00:20:36]} 16. Bxc6 {[%clk 00:38:12]} {[%emt 00:00:48]} Rc8 {[%clk 00:33:15]}
{[%emt 00:02:33]} 17. Qxd5 {[%clk 00:37:22]} {[%emt 00:01:20]} Bg7 {[%clk
00:30:14]} {[%emt 00:03:31]} 18. Bxd7+ {[%clk 00:37:12]} {[%emt 00:00:40]} Kf8
{[%clk 00:28:01]} {[%emt 00:02:43]} 19. Bxc8 {[%clk 00:37:22]} {[%emt
00:00:20]} 1-0

[Event "DEM U12w 2024"]
[Site "Willingen GER"]
[Date "2024.05.19"]
[Round "1"]
[White "Fruth, Julia"]
[Black "Döscher, Nayla"]
[Result "0-1"]
[Termination "normal"]
[Board "13"]
[WhiteElo "1641"]
[BlackElo "1564"]
[WhiteClock "00:41:17"]
[BlackClock "00:51:20"]
[PlyCount "104"]
[WhiteFideId "34603050"]
[BlackFideId "34625046"]
[EventCountry "GER"]
[EventRounds "9"]
[EventType "swiss"]
[EventDate "2024.05.18"]

1. e4 {[%clk 01:30:56]} {[%emt 00:00:04]} e5 {[%clk 01:30:54]} {[%emt
00:00:06]} 2. Nf3 {[%clk 01:31:18]} {[%emt 00:00:08]} Nc6 {[%clk 01:31:16]}
{[%emt 00:00:08]} 3. d4 {[%clk 01:31:28]} {[%emt 00:00:19]} exd4 {[%clk
01:28:25]} {[%emt 00:03:21]} 4. Nxd4 {[%clk 01:31:36]} {[%emt 00:00:23]} Nxd4
{[%clk 01:28:12]} {[%emt 00:00:43]} 5. Qxd4 {[%clk 01:31:53]} {[%emt 00:00:13]}
b6 {[%clk 01:24:00]} {[%emt 00:04:43]} 6. Bc4 {[%clk 01:27:57]} {[%emt
00:04:24]} Bb7 {[%clk 01:22:23]} {[%emt 00:02:07]} 7. O-O {[%clk 01:25:35]}
{[%emt 00:02:52]} Qf6 {[%clk 01:16:12]} {[%emt 00:06:32]} 8. Qxf6 {[%clk
01:17:35]} {[%emt 00:08:40]} Nxf6 {[%clk 01:16:13]} {[%emt 00:00:29]} 9. Nc3
{[%clk 01:16:02]} {[%emt 00:02:03]} O-O-O {[%clk 01:11:17]} {[%emt 00:05:26]}
10. Bxf7 {[%clk 01:11:13]} {[%emt 00:05:18]} Nxe4 {[%clk 01:09:08]} {[%emt
00:02:40]} 11. Nxe4 {[%clk 01:11:15]} {[%emt 00:00:27]} Bxe4 {[%clk 01:09:02]}
{[%emt 00:00:36]} 12. Bg5 {[%clk 01:10:58]} {[%emt 00:00:47]} Bxc2 {[%clk
01:03:14]} {[%emt 00:06:19]} 13. Bxd8 {[%clk 01:09:46]} {[%emt 00:01:41]} Kxd8
{[%clk 01:03:24]} {[%emt 00:00:20]} 14. Rfe1 {[%clk 01:04:28]} {[%emt
00:05:49]} Be7 {[%clk 01:02:25]} {[%emt 00:01:29]} 15. Re2 {[%clk 01:04:00]}
{[%emt 00:00:58]} Bd3 {[%clk 00:59:38]} {[%emt 00:03:16]} 16. Re3 {[%clk
01:04:03]} {[%emt 00:00:26]} Bb5 {[%clk 00:59:16]} {[%emt 00:00:50]} 17. Rae1
{[%clk 01:03:54]} {[%emt 00:00:40]} Kc8 {[%clk 00:51:05]} {[%emt 00:08:43]} 18.
Rxe7 {[%clk 01:03:44]} {[%emt 00:00:40]} Kb7 {[%clk 00:50:59]} {[%emt
00:00:37]} 19. Re8 {[%clk 01:03:13]} {[%emt 00:00:59]} Rxe8 {[%clk 00:51:13]}
{[%emt 00:00:17]} 20. Rxe8 {[%clk 01:03:02]} {[%emt 00:00:42]} d6 {[%clk
00:51:00]} {[%emt 00:00:43]} 21. Bd5+ {[%clk 01:03:15]} {[%emt 00:00:16]} Ka6
{[%clk 00:50:59]} {[%emt 00:00:31]} 22. b4 {[%clk 01:02:12]} {[%emt 00:01:33]}
Bxe8 {[%clk 00:50:43]} {[%emt 00:00:47]} 23. a3 {[%clk 01:01:09]} {[%emt
00:01:33]} Kb5 {[%clk 00:50:49]} {[%emt 00:00:24]} 24. Bb3 {[%clk 01:01:14]}
{[%emt 00:00:25]} c5 {[%clk 00:50:48]} {[%emt 00:00:31]} 25. bxc5 {[%clk
01:01:10]} {[%emt 00:00:35]} dxc5 {[%clk 00:51:07]} {[%emt 00:00:10]} 26. Kf1
{[%clk 01:01:20]} {[%emt 00:00:19]} a5 {[%clk 00:50:43]} {[%emt 00:00:55]} 27.
Ke2 {[%clk 01:00:55]} {[%emt 00:00:55]} Bg6 {[%clk 00:50:02]} {[%emt 00:01:10]}
28. Kd2 {[%clk 01:00:52]} {[%emt 00:00:34]} c4 {[%clk 00:50:05]} {[%emt
00:00:27]} 29. Bd1 {[%clk 01:00:34]} {[%emt 00:00:45]} Kc5 {[%clk 00:50:13]}
{[%emt 00:00:25]} 30. f4 {[%clk 00:56:36]} {[%emt 00:04:28]} Kd4 {[%clk
00:49:21]} {[%emt 00:01:22]} 31. g4 {[%clk 00:53:38]} {[%emt 00:03:28]} c3+
{[%clk 00:48:34]} {[%emt 00:01:17]} 32. Kc1 {[%clk 00:53:58]} {[%emt 00:00:09]}
Be4 {[%clk 00:48:37]} {[%emt 00:00:27]} 33. f5 {[%clk 00:53:16]} {[%emt
00:01:12]} b5 {[%clk 00:48:29]} {[%emt 00:00:39]} 34. a4 {[%clk 00:44:22]}
{[%emt 00:09:22]} b4 {[%clk 00:48:29]} {[%emt 00:00:32]} 35. Bb3 {[%clk
00:43:57]} {[%emt 00:00:55]} Bd5 {[%clk 00:47:14]} {[%emt 00:01:44]} 36. Bxd5
{[%clk 00:43:46]} {[%emt 00:00:41]} Kxd5 {[%clk 00:46:54]} {[%emt 00:00:51]}
37. g5 {[%clk 00:43:07]} {[%emt 00:01:09]} Ke5 {[%clk 00:47:15]} {[%emt
00:00:09]} 38. g6 {[%clk 00:41:10]} {[%emt 00:02:27]} hxg6 {[%clk 00:47:31]}
{[%emt 00:00:14]} 39. fxg6 {[%clk 00:41:23]} {[%emt 00:00:17]} Kf6 {[%clk
00:47:47]} {[%emt 00:00:14]} 40. Kc2 {[%clk 00:39:49]} {[%emt 00:02:04]} Kxg6
{[%clk 00:48:07]} {[%emt 00:00:10]} 41. Kd3 {[%clk 00:39:59]} {[%emt 00:00:18]}
Kh5 {[%clk 00:48:23]} {[%emt 00:00:14]} 42. Kc2 {[%clk 00:39:50]} {[%emt
00:00:40]} g5 {[%clk 00:48:41]} {[%emt 00:00:13]} 43. Kb3 {[%clk 00:39:41]}
{[%emt 00:00:39]} Kh4 {[%clk 00:48:59]} {[%emt 00:00:11]} 44. Kc2 {[%clk
00:39:39]} {[%emt 00:00:32]} Kh3 {[%clk 00:49:16]} {[%emt 00:00:14]} 45. Kb3
{[%clk 00:40:04]} {[%emt 00:00:05]} Kxh2 {[%clk 00:49:36]} {[%emt 00:00:10]}
46. Kc2 {[%clk 00:40:13]} {[%emt 00:00:20]} g4 {[%clk 00:49:57]} {[%emt
00:00:10]} 47. Kb3 {[%clk 00:40:27]} {[%emt 00:00:16]} g3 {[%clk 00:50:18]}
{[%emt 00:00:09]} 48. Kc2 {[%clk 00:40:30]} {[%emt 00:00:26]} g2 {[%clk
00:50:45]} {[%emt 00:00:04]} 49. Kb3 {[%clk 00:40:53]} {[%emt 00:00:07]} g1=Q
{[%clk 00:50:59]} {[%emt 00:00:13]} 50. Kc2 {[%clk 00:40:54]} {[%emt 00:00:32]}
Qe3 {[%clk 00:51:06]} {[%emt 00:00:21]} 51. Kb1 {[%clk 00:40:56]} {[%emt
00:00:29]} Qd2 {[%clk 00:51:20]} {[%emt 00:00:16]} 52. Ka1 {[%clk 00:41:17]}
{[%emt 00:00:09]} Qb2# {[%emt 00:00:34]} 0-1

[Event "DEM U12w 2024"]
[Site "Willingen GER"]
[Date "2024.05.19"]
[Round "1"]
[White "Birkenheier, Larissa"]
[Black "Yang, Sophie"]
[Result "1/2-1/2"]
[Termination "normal"]
[Board "14"]
[WhiteElo "1501"]
[BlackElo "1543"]
[WhiteClock "00:19:15"]
[BlackClock "00:33:08"]
[PlyCount "53"]
[WhiteFideId "34626379"]
[BlackFideId "16279174"]
[EventCountry "GER"]
[EventRounds "9"]
[EventType "swiss"]
[EventDate "2024.05.18"]

1. e4 {[%clk 01:30:55]} {[%emt 00:00:04]} e6 {[%clk 01:30:54]} {[%emt
00:00:07]} 2. d4 {[%clk 01:31:13]} {[%emt 00:00:11]} d5 {[%clk 01:31:18]}
{[%emt 00:00:06]} 3. Nd2 {[%clk 01:31:14]} {[%emt 00:00:29]} Nf6 {[%clk
01:31:42]} {[%emt 00:00:07]} 4. e5 {[%clk 01:31:06]} {[%emt 00:00:38]} Nfd7
{[%clk 01:32:02]} {[%emt 00:00:09]} 5. Bd3 {[%clk 01:30:54]} {[%emt 00:00:42]}
c5 {[%clk 01:31:47]} {[%emt 00:00:46]} 6. c3 {[%clk 01:30:35]} {[%emt
00:00:48]} Nc6 {[%clk 01:31:50]} {[%emt 00:00:26]} 7. Ne2 {[%clk 01:30:00]}
{[%emt 00:01:05]} Be7 {[%clk 01:25:38]} {[%emt 00:06:44]} 8. Nf3 {[%clk
01:27:07]} {[%emt 00:03:22]} c4 {[%clk 01:20:47]} {[%emt 00:05:22]} 9. Bb1
{[%clk 01:22:40]} {[%emt 00:04:56]} b5 {[%clk 01:10:03]} {[%emt 00:11:15]} 10.
O-O {[%clk 01:14:09]} {[%emt 00:09:00]} Nf8 {[%clk 01:01:06]} {[%emt 00:09:26]}
11. Nf4 {[%clk 01:06:56]} {[%emt 00:07:43]} Ng6 {[%clk 00:59:35]} {[%emt
00:02:03]} 12. Nh3 {[%clk 00:59:28]} {[%emt 00:07:56]} O-O {[%clk 00:55:31]}
{[%emt 00:04:35]} 13. Bxg6 {[%clk 00:49:40]} {[%emt 00:10:18]} hxg6 {[%clk
00:54:32]} {[%emt 00:01:30]} 14. Bg5 {[%clk 00:44:33]} {[%emt 00:05:36]} Rb8
{[%clk 00:50:17]} {[%emt 00:04:44]} 15. Rc1 {[%clk 00:36:26]} {[%emt 00:08:37]}
b4 {[%clk 00:50:02]} {[%emt 00:00:47]} 16. Re1 {[%clk 00:33:41]} {[%emt
00:03:11]} bxc3 {[%clk 00:48:07]} {[%emt 00:02:29]} 17. bxc3 {[%clk 00:33:02]}
{[%emt 00:01:09]} Bxg5 {[%clk 00:45:31]} {[%emt 00:03:06]} 18. Nfxg5 {[%clk
00:32:17]} {[%emt 00:01:13]} Ne7 {[%clk 00:42:41]} {[%emt 00:03:20]} 19. Qg4
{[%clk 00:27:26]} {[%emt 00:05:19]} Nf5 {[%clk 00:41:59]} {[%emt 00:01:14]} 20.
f4 {[%clk 00:26:01]} {[%emt 00:01:54]} Rb2 {[%clk 00:39:10]} {[%emt 00:03:21]}
21. Re2 {[%clk 00:22:48]} {[%emt 00:03:41]} Rxe2 {[%clk 00:38:07]} {[%emt
00:01:36]} 22. Qxe2 {[%clk 00:22:55]} {[%emt 00:00:23]} Qe7 {[%clk 00:35:03]}
{[%emt 00:03:32]} 23. Qe1 {[%clk 00:21:16]} {[%emt 00:02:08]} Qa3 {[%clk
00:33:39]} {[%emt 00:01:56]} 24. Rc2 {[%clk 00:20:30]} {[%emt 00:01:16]} Bd7
{[%clk 00:33:08]} {[%emt 00:01:00]} 25. g4 {[%clk 00:20:08]} {[%emt 00:00:52]}
Nh6 {[%clk 00:33:21]} {[%emt 00:00:19]} 26. Qg3 {[%clk 00:19:18]} {[%emt
00:01:19]} Ba4 {[%clk 00:33:08]} {[%emt 00:00:44]} 27. Rf2 {[%clk 00:19:15]}
{[%emt 00:00:30]} 1/2-1/2

[Event "DEM U12w 2024"]
[Site "Willingen GER"]
[Date "2024.05.19"]
[Round "1"]
[White "Fettan, Nua"]
[Black "Schille, Marlene"]
[Result "1-0"]
[Termination "normal"]
[Board "15"]
[WhiteElo "1601"]
[BlackElo "1228"]
[WhiteClock "00:23:46"]
[BlackClock "00:13:33"]
[PlyCount "85"]
[WhiteFideId "34637362"]
[BlackFideId "533000670"]
[EventCountry "GER"]
[EventRounds "9"]
[EventType "swiss"]
[EventDate "2024.05.18"]

1. e4 {[%clk 01:30:58]} {[%emt 00:00:02]} c5 {[%clk 01:30:53]} {[%emt
00:00:08]} 2. Nc3 {[%clk 01:31:18]} {[%emt 00:00:10]} Nc6 {[%clk 01:30:29]}
{[%emt 00:00:53]} 3. f4 {[%clk 01:31:31]} {[%emt 00:00:16]} e6 {[%clk
01:30:17]} {[%emt 00:00:43]} 4. Nf3 {[%clk 01:31:46]} {[%emt 00:00:16]} Nge7
{[%clk 01:27:16]} {[%emt 00:03:30]} 5. d3 {[%clk 01:29:29]} {[%emt 00:02:47]}
Ng6 {[%clk 01:25:01]} {[%emt 00:02:45]} 6. g3 {[%clk 01:28:58]} {[%emt
00:01:00]} d5 {[%clk 01:21:16]} {[%emt 00:04:15]} 7. Bg2 {[%clk 01:27:06]}
{[%emt 00:02:23]} d4 {[%clk 01:18:54]} {[%emt 00:02:52]} 8. Ne2 {[%clk
01:26:51]} {[%emt 00:00:44]} Be7 {[%clk 01:17:07]} {[%emt 00:02:18]} 9. O-O
{[%clk 01:26:34]} {[%emt 00:00:47]} O-O {[%clk 01:14:41]} {[%emt 00:02:54]} 10.
Qe1 {[%clk 01:20:49]} {[%emt 00:06:13]} Qb6 {[%clk 01:10:02]} {[%emt 00:05:09]}
11. a3 {[%clk 01:18:06]} {[%emt 00:03:18]} c4 {[%clk 01:07:55]} {[%emt
00:02:36]} 12. g4 {[%clk 01:14:59]} {[%emt 00:03:37]} cxd3 {[%clk 01:06:55]}
{[%emt 00:01:29]} 13. cxd3 {[%clk 01:13:35]} {[%emt 00:01:55]} Kh8 {[%clk
01:05:33]} {[%emt 00:01:51]} 14. b4 {[%clk 01:12:23]} {[%emt 00:01:42]} Bd7
{[%clk 01:01:34]} {[%emt 00:04:30]} 15. Bb2 {[%clk 01:11:42]} {[%emt 00:01:09]}
Rac8 {[%clk 00:58:42]} {[%emt 00:03:23]} 16. Kh1 {[%clk 01:07:10]} {[%emt
00:05:03]} Qc7 {[%clk 00:56:18]} {[%emt 00:02:53]} 17. Nfxd4 {[%clk 01:05:47]}
{[%emt 00:01:54]} e5 {[%clk 00:49:20]} {[%emt 00:07:28]} 18. Nxc6 {[%clk
01:05:07]} {[%emt 00:01:10]} Bxc6 {[%clk 00:48:43]} {[%emt 00:01:07]} 19. Qc3
{[%clk 01:03:45]} {[%emt 00:01:52]} Bf6 {[%clk 00:47:45]} {[%emt 00:01:29]} 20.
f5 {[%clk 01:01:51]} {[%emt 00:02:23]} Nf4 {[%clk 00:45:55]} {[%emt 00:02:19]}
21. Nxf4 {[%clk 00:56:50]} {[%emt 00:05:33]} exf4 {[%clk 00:46:15]} {[%emt
00:00:09]} 22. Qd2 {[%clk 00:56:53]} {[%emt 00:00:16]} Bg5 {[%clk 00:45:12]}
{[%emt 00:01:44]} 23. Qf2 {[%clk 00:56:39]} {[%emt 00:00:44]} b6 {[%clk
00:41:20]} {[%emt 00:04:22]} 24. h4 {[%clk 00:53:10]} {[%emt 00:03:58]} Be7
{[%clk 00:39:59]} {[%emt 00:01:46]} 25. g5 {[%clk 00:49:10]} {[%emt 00:04:31]}
f6 {[%clk 00:38:39]} {[%emt 00:01:55]} 26. g6 {[%clk 00:43:13]} {[%emt
00:06:28]} h6 {[%clk 00:38:51]} {[%emt 00:00:17]} 27. Bc1 {[%clk 00:41:43]}
{[%emt 00:02:01]} Bd6 {[%clk 00:36:24]} {[%emt 00:02:56]} 28. Bxf4 {[%clk
00:38:15]} {[%emt 00:03:57]} Rcd8 {[%clk 00:33:27]} {[%emt 00:03:27]} 29. Rad1
{[%clk 00:36:18]} {[%emt 00:02:26]} Ba4 {[%clk 00:32:10]} {[%emt 00:01:48]} 30.
Rc1 {[%clk 00:34:17]} {[%emt 00:02:31]} Qb8 {[%clk 00:29:26]} {[%emt 00:03:15]}
31. Qe3 {[%clk 00:33:22]} {[%emt 00:01:23]} Bb5 {[%clk 00:27:33]} {[%emt
00:02:25]} 32. Bxh6 {[%clk 00:33:03]} {[%emt 00:00:49]} Bxd3 {[%clk 00:24:09]}
{[%emt 00:03:54]} 33. Bxg7+ {[%clk 00:31:52]} {[%emt 00:01:41]} Kxg7 {[%clk
00:24:25]} {[%emt 00:00:14]} 34. Qxd3 {[%clk 00:31:29]} {[%emt 00:00:52]} Bf4
{[%clk 00:23:05]} {[%emt 00:01:51]} 35. Qf3 {[%clk 00:31:41]} {[%emt 00:00:09]}
Bxc1 {[%clk 00:22:57]} {[%emt 00:00:47]} 36. Rxc1 {[%clk 00:31:47]} {[%emt
00:00:25]} Rc8 {[%clk 00:22:51]} {[%emt 00:00:35]} 37. Re1 {[%clk 00:31:19]}
{[%emt 00:00:53]} Rh8 {[%clk 00:21:23]} {[%emt 00:02:03]} 38. h5 {[%clk
00:30:41]} {[%emt 00:01:03]} Rc4 {[%clk 00:20:57]} {[%emt 00:00:55]} 39. Rd1
{[%clk 00:29:12]} {[%emt 00:01:56]} Qe5 {[%clk 00:20:07]} {[%emt 00:01:27]} 40.
Rd7+ {[%clk 00:27:58]} {[%emt 00:01:44]} Kg8 {[%clk 00:19:16]} {[%emt
00:01:22]} 41. Qd1 {[%clk 00:27:17]} {[%emt 00:00:59]} Rc8 {[%emt 00:06:04]}
42. Qb3+ {[%clk 00:23:46]} {[%emt 00:03:14]} Kf8 {[%clk 00:13:33]} {[%emt
00:01:38]} 43. Qf7# {[%emt 00:00:10]} 1-0